| 000 | 00447nam a2200169 a 4500 | ||
|---|---|---|---|
| 005 | 20141022142008.0 | ||
| 008 | 120228s19uu xx 00 eng d | ||
| 050 |
_aCD-ROM _bF41 2006 |
||
| 100 | _aFerrell, O.C. | ||
| 245 |
_aBusiness : _ba changing world / _cO.C. Ferrell, Geoffrey Hirt, Linda Ferrell. |
||
| 250 | _a5th ed. | ||
| 260 | _c2006. | ||
| 650 | _aBusiness | ||
| 700 | _aHirt, Geoffrey | ||
| 700 | _aFerrell, Linda | ||
| 942 | _cAVM | ||
| 999 |
_c276602 _d276602 |
||